00434pab a2200133 454500008004000000100002900040245010900069260000900178300001300187362001400200650004800214650002500262773001300287180718b2014 xxu||||| |||| 00| 0 eng d aChattopadhyay, Soumyadip aFinancing urban basic service in selected municipalities in West - Bengal: lesson learnt and way forward c2014 ap.70-85. aJul - sep aUrban basic services - India - West Bengal  aUrban basic services aNagarlok